Most Important Events By Year (1951-1975) - Statistics

General Stats
  • This quiz has been taken 13 times
    5 since last reset
  • The average score is 11 of 25
Answer Stats
Year Country/Region Answer % Correct
1962 Cuba Cuban Missile Crisis
100%
1951 United States Harry Truman given power in Korean War
100%
1956 Egypt Suez Canal Crisis
100%
1961 Germany Construction of the Berlin Wall
75%
1975 Vietnam Fall of Saigon
75%
1963 United States John F. Kennedy Assassinated
75%
1965 Vietnam United States deploys ground troops in Vietnam
75%
1972 United States Watergate Scandal
75%
1969 United States* Apollo 11 moon landing
50%
1964 United States Civil Rights Act of 1964
50%
1959 Cuba Cuban Revolution
50%
1957 Russia* Launch of Sputnik Satellite
50%
1971 United States Nixon Economic Shocks
50%
1974 United States Richard Nixon Resigns
50%
1967 Bolivia Che Guevara captured and killed
25%
1968 United States Martin Luther King Jr. Assassinated
25%
1973 Middle East OPEC Oil Embargo
25%
1952 United Kingdom Queen Elizabeth II given power
25%
1955 United States Arrest of Rosa Parks
0%
1954 United States Brown v Board of Education
0%
1966 China China's Great Leap Forward ends
0%
1960 United States First approved contraceptive
0%
1958 United States Founding of NASA
0%
1953 Korean Peninsula Korean War armistice
0%
1970 Cambodia U.S. bombing of Cambodia
0%
No matching quizzes found
Score Distribution
Percent of People with Each Score
Percentile by Number Answered
Your Score History
You have not taken this quiz since the last reset